00644nam a2200193Ia 4500003000900000008004100009020001800050040001600068080001500084100002400099245010100123260003400224300001400258650004100272650001400313942000700327999001500334952010100349IN-BaIIA211028s9999 xx 000 0 eng d a0-571-11659-0 cIIA Library a523.9bMIT aMitton, Simon99544 0aDaytime starbthe story of our suncSimon Mitton  aLondonbFaber and Faberc1981 axv, 191p. aAstronomy and astrophysics thesaurus aSun91200 cBK c7259d7259 00104070aBANbBANcGENd1982-12-28l0o523.9/ MITp8060r2021-11-05w1982-12-28yBKG£ 12.21